[Event "FICGS W-ch st1 gN 02 email"]
[Site "FICGS email"]
[Date "2023.07.04"]
[Round "1"]
[White "Helmer, Janos"]
[Black "Chronopoulos, Antonis"]
[Result "1/2-1/2"]
[WhiteElo "2256"]
[BlackElo "2263"]
[PlyCount "37"]
[EventDate "2023.??.??"]
[EventType "tourn (corr)"]
[EventRounds "1"]
[SourceTitle "Corr 2024"]
[Source "ChessBase"]
[SourceDate "2023.10.19"]
[SourceVersion "1"]
[SourceVersionDate "2023.10.19"]
[SourceQuality "1"]

1. Nf3 c5 2. c4 g6 3. Nc3 Bg7 4. g3 Nc6 5. Bg2 e6 6. h4 h6 7. e3 d5 8. cxd5 exd5 9. d4 cxd4 10. Nxd4 Nf6 11. 0-0 0-0 12. Qb3 Na5 13. Qc2 Nc6 14. a4 Bg4 15. Qb3 Na5 16. Qa2 Rc8 17. Bd2 Nc4 18. b3 Ne5 19. b4 1/2-1/2

[Event "SM-2022-0-00494"]
[Site "LSS email"]
[Date "2022.12.09"]
[Round "?"]
[White "Helmer, Janos"]
[Black "Boni, Roberto"]
[Result "1/2-1/2"]
[WhiteElo "2236"]
[BlackElo "2261"]
[PlyCount "58"]
[EventDate "2022.11.14"]
[EventType "tourn (corr)"]
[EventRounds "6"]
[EventCountry "GER"]
[SourceTitle "Corr 2024"]
[Source "ChessBase"]
[SourceDate "2023.10.19"]
[SourceVersion "1"]
[SourceVersionDate "2023.10.19"]
[SourceQuality "1"]

1. Nf3 d5 2. d4 Nf6 3. c4 e6 4. Nc3 c5 5. cxd5 cxd4 6. Qxd4 exd5 7. Bg5 Be7 8. e3 0-0 9. Rd1 Be6 10. Bd3 h6 11. Bh4 Qa5 12. Bb1 Qa6 13. Qd3 Qxd3 14. Bxd3 Nc6 15. 0-0 g5 16. Bg3 Nh5 17. Bc2 Rfd8 18. Bb3 g4 19. Nd4 Nxd4 20. Rxd4 Nxg3 21. hxg3 Bf6 22. Rd3 d4 23. Ne4 Bg7 24. Bxe6 fxe6 25. exd4 Rxd4 26. Rxd4 Bxd4 27. b3 Rc8 28. Rd1 e5 29. Kf1 Rc2 1/2-1/2

[Event "SM-2022-0-00494"]
[Site "LSS email"]
[Date "2022.12.09"]
[Round "?"]
[White "Helmer, Janos"]
[Black "Zavrazhnov, Andrej"]
[Result "1/2-1/2"]
[WhiteElo "2236"]
[BlackElo "2286"]
[PlyCount "68"]
[EventDate "2022.11.14"]
[EventType "tourn (corr)"]
[EventRounds "6"]
[EventCountry "GER"]
[SourceTitle "Corr 2024"]
[Source "ChessBase"]
[SourceDate "2023.10.19"]
[SourceVersion "1"]
[SourceVersionDate "2023.10.19"]
[SourceQuality "1"]

1. Nf3 Nf6 2. c4 c5 3. Nc3 Nc6 4. g3 d5 5. cxd5 Nxd5 6. Bg2 Nc7 7. d3 e5 8. Nd2 Bd7 9. 0-0 Be7 10. Nc4 f6 11. a4 0-0 12. f4 exf4 13. Bxf4 Be6 14. Qb3 Qc8 15. a5 Nb4 16. Qa4 Rd8 17. Bxc7 Qxc7 18. a6 Nxa6 19. Nb5 Qd7 20. Bxb7 Qxb7 21. Qxa6 Qxa6 22. Rxa6 Bxc4 23. dxc4 Rd2 24. Kf2 Rxb2 25. Rd1 Bf8 26. Nc7 Rab8 27. Rxa7 Rc2 28. Kf3 Rxc4 29. Ne6 h5 30. Rdd7 Re8 31. Nxf8 Rg4 32. Rd5 Rxf8 33. Rxh5 Rc4 34. Rd5 Rc3+ 1/2-1/2

[Event "SM-2022-0-00494"]
[Site "LSS email"]
[Date "2022.12.09"]
[Round "?"]
[White "Ozen, Bahadir"]
[Black "Helmer, Janos"]
[Result "1/2-1/2"]
[WhiteElo "2267"]
[BlackElo "2236"]
[PlyCount "34"]
[EventDate "2022.11.14"]
[EventType "tourn (corr)"]
[EventRounds "6"]
[EventCountry "GER"]
[SourceTitle "Corr 2024"]
[Source "ChessBase"]
[SourceDate "2023.10.19"]
[SourceVersion "1"]
[SourceVersionDate "2023.10.19"]
[SourceQuality "1"]

1. Nf3 c5 2. c4 Nf6 3. Nc3 Nc6 4. g3 d6 5. Bg2 e5 6. 0-0 Be7 7. d3 0-0 8. a3 h6 9. Rb1 a6 10. Nd2 Be6 11. Nd5 Rb8 12. b3 Qd7 13. Bb2 b5 14. f4 Bh3 15. e3 Bxg2 16. Kxg2 Nh7 17. Qf3 f5 1/2-1/2

[Event "SM-2022-0-00490"]
[Site "LSS email"]
[Date "2022.11.08"]
[Round "?"]
[White "Usmanoff, Rustam"]
[Black "Helmer, Janos"]
[Result "1/2-1/2"]
[WhiteElo "2219"]
[BlackElo "2234"]
[PlyCount "81"]
[EventDate "2022.10.15"]
[EventType "tourn (corr)"]
[EventRounds "6"]
[EventCountry "GER"]
[SourceTitle "Corr 2024"]
[Source "ChessBase"]
[SourceDate "2023.10.19"]
[SourceVersion "1"]
[SourceVersionDate "2023.10.19"]
[SourceQuality "1"]

1. d4 Nf6 2. Nf3 b6 3. g3 Bb7 4. c4 e6 5. Bg2 Bb4+ 6. Bd2 Be7 7. Nc3 d5 8. cxd5 exd5 9. 0-0 0-0 10. Ne5 Na6 11. Qa4 Qe8 12. Rac1 Ne4 13. Qc2 Nb4 14. Qd1 Na6 15. Nxe4 dxe4 16. Qc2 c5 17. Bxe4 Bxe4 18. Qxe4 cxd4 19. Qf3 Bg5 20. Bf4 Nc5 21. b4 Ne6 22. Nc6 Nxf4 23. gxf4 Bf6 24. Rfd1 a5 25. bxa5 bxa5 26. a4 Ra6 27. Rd2 Qe6 28. f5 Qd7 29. Rc5 h6 30. Kg2 Kh7 31. Rdc2 Rfa8 32. R2c4 Rb6 33. Nxd4 Bxd4 34. Rd5 Qe7 35. Rcxd4 Re8 36. e3 Rb2 37. Kh3 Qf6 38. Rd6 Qg5 39. Rf4 Kg8 40. Qg4 Re5 41. Rc6 1/2-1/2

[Event "SM-2022-0-00484"]
[Site "LSS email"]
[Date "2022.09.25"]
[Round "?"]
[White "Helmer, Janos"]
[Black "Martin, Simone"]
[Result "1/2-1/2"]
[WhiteElo "2232"]
[BlackElo "2209"]
[PlyCount "47"]
[EventDate "2022.09.10"]
[EventType "tourn (corr)"]
[EventRounds "6"]
[EventCountry "GER"]
[SourceTitle "Corr 2024"]
[Source "ChessBase"]
[SourceDate "2023.10.19"]
[SourceVersion "1"]
[SourceVersionDate "2023.10.19"]
[SourceQuality "1"]

1. Nf3 Nf6 2. c4 e6 3. Nc3 d5 4. d4 dxc4 5. e4 Bb4 6. Bg5 h6 7. Bxf6 Qxf6 8. Bxc4 c5 9. 0-0 cxd4 10. e5 Qd8 11. Ne4 Nc6 12. Qe2 a6 13. a3 Be7 14. Rfd1 b5 15. Bd3 Bb7 16. Rac1 Rc8 17. h4 0-0 18. Bb1 Qd5 19. Nd6 d3 20. Qxd3 Qxd3 21. Bxd3 Bxd6 22. exd6 Rfd8 23. Be4 Na5 24. Rxc8 1/2-1/2

[Event "Cluj Napocensis Rapid op 40th"]
[Site "Cluj"]
[Date "2022.06.18"]
[Round "7"]
[White "Pop, Ioan1111"]
[Black "Helmer, Janos"]
[Result "0-1"]
[WhiteElo "1650"]
[BlackElo "2051"]
[PlyCount "89"]
[EventDate "2022.06.18"]
[EventType "swiss (rapid)"]
[EventRounds "7"]
[EventCountry "ROU"]
[SourceTitle "EXT 2024"]
[Source "ChessBase"]
[SourceDate "2023.10.10"]
[SourceVersion "1"]
[SourceVersionDate "2023.10.10"]
[SourceQuality "1"]

1. e4 e5 2. Nf3 Nc6 3. d4 exd4 4. Nxd4 Bc5 5. Nb3 Bb6 6. a4 a6 7. Nc3 d6 8. Nd5 Ba7 9. Be3 Bxe3 10. Nxe3 Nge7 11. Nd5 0-0 12. Nxe7+ Qxe7 13. Nd2 d5 14. Ra3 dxe4 15. Re3 f5 16. Qe2 Qc5 17. Qc4+ Qxc4 18. Bxc4+ Kh8 19. h3 Bd7 20. 0-0 Rad8 21. Nb3 Ne5 22. Be2 Bc8 23. f4 Nc6 24. c3 g6 25. h4 Kg7 26. h5 Rfe8 27. hxg6 hxg6 28. g3 Ne7 29. Nd4 Nd5 30. Nc2 Nxe3 31. Nxe3 Rd2 32. Bc4 Rxb2 33. Rd1 b5 34. axb5 axb5 35. Bf1 Be6 36. Rc1 c5 37. Nd1 Rb3 38. Ne3 Rd8 39. g4 b4 40. cxb4 Rxe3 41. bxc5 Rg3+ 42. Kf2 Rxg4 43. c6 Rxf4+ 44. Ke3 Rf3+ 45. Ke2 0-1